000 00825nam a22002417a 4500
003 0
005 20250507101519.0
008 250507b xxu||||| |||| 00| 0 eng d
020 _a9786214061037
050 _aBF 39
_b.P79 2024
245 _aPsychological statistics
_cFrancisco M. Lambojon, Jr. and four others.
260 _aManila
_bMindshapers Co. Inc.
_cc2024
300 _aviii, 268 pages :
_bblack and white illustrations and pictures ;
_c26cm.
504 _aIncludes bibliographical references.
650 _aPsychology—Statistical methods.
650 _aPsychometrics.
650 _aStatistics—Psychological applications.
650 _aResearch—Statistical methods.
700 _aLambojon, Francisco M.
700 _aIbanez, Karen Gail C.
700 _aArcega, Analiza F.
942 _2lcc
_cBK
999 _c367462
_d367462